Možnosti hodnotenia efektívnosti v zdravotníctve využitím matematických metód
Metódy hodnotenia efektívnosti nemocničných zariadení. Najpoužívanejšie metódy v zahraničí. Poukázanie na teoretické možnosti modelov ekonometrického hodnotenia efektívnosti.
Saved in:
| Main Author: | |
|---|---|
| Other Authors: | |
| Format: | Book Chapter |
| Language: | Slovak |
| Subjects: | |
| Tags: |
No Tags, Be the first to tag this record!
|
MARC
| LEADER | 00000nla a2200000 4500 | ||
|---|---|---|---|
| 001 | 0179082 | ||
| 005 | 20240502073037.0 | ||
| 041 | 0 | |a slo | |
| 044 | |a SK | ||
| 245 | 1 | 0 | |a Možnosti hodnotenia efektívnosti v zdravotníctve využitím matematických metód |c Roman Lacko, Lucia Bosáková |
| 520 | |a Metódy hodnotenia efektívnosti nemocničných zariadení. Najpoužívanejšie metódy v zahraničí. Poukázanie na teoretické možnosti modelov ekonometrického hodnotenia efektívnosti. | ||
| 610 | 2 | 0 | |a nemocnice |
| 610 | 2 | 0 | |a efektívnosť |
| 610 | 2 | 0 | |a meranie |
| 610 | 2 | 0 | |a metódy matematické |
| 100 | 1 | |a Lacko, Roman, 1988- | |
| 700 | 1 | |a Bosáková, Lucia | |